=LDR 00000nam 2200000 4500 =001 INLIS000000000010641 =005 20130612102256 =008 ***********************************Ind** =035 ##$$0010-061300000010641 =041 ##$$a Ind =082 ##$$a 633.183 =090 ##$$a 633.183, Sug b =100 ##$$a aSUGENG, H.R =245 ##$$a Bercocok tanam Padi =260 ##$$a 2001 $b Semarang =300 ##$$a vi, 62 hlm, 20 cm =650 ##$$a Padi - Tanaman =850 ##$$a NBPNMAT =990 ##$$a 0001/BPAP-NTB/20142014 =990 ##$$a 2090100447/BPAP-NTB/2015 =990 ##$$a 0001/BPAP-NTB/2016